Zmeny v pravidlách všestrannej spôsobilosti platné od 1. januára 2010

Bibliographic Details
Main Author: Gavorníková, Silvia (Author)
Format: Article
Language:Slovak
PhysicalDescription:Fotogr.
ISSN:1337-1037
Subjects:

MARC

LEADER 00000nab a2200000 ar4500
001 vtls010082519
003 SK-MaSNL
005 20260303205620.0
008 100407c2010 xo zr|p|||||||000 b|slo
015 |a SNBRB2010/04  |2 snkbucl 
038 |a SNKBUCL 
040 |a SNKBUCL  |b slo  |c SNKBUCL  |e AACR2 
041 0 |a slo 
044 |a xo  |c SK 
080 |a 798.29  |2 2001 
100 1 |a Gavorníková, Silvia  |4 aut  |9 1035761 
245 1 0 |a Zmeny v pravidlách všestrannej spôsobilosti platné od 1. januára 2010  |c Silvia Gavorníková 
300 |b Fotogr. 
648 7 |a 2010  |2 snkbucl  |9 324355 
650 0 7 |a jazdectvo  |2 snkbucl  |9 3225 
650 0 7 |a všestranná spôsobilosť  |2 snkbucl  |9 1084472 
650 0 7 |a športové pravidlá  |2 snkbucl  |9 1046 
650 0 7 |a zmeny  |2 snkbucl  |9 474771 
773 0 |t Životný štýl a kôň  |g Roč. IV, č. 2 (2010), s. 34-35  |x 1337-1037 
852 |a SNK  |b KIS3GCP 
999 |c 2196293  |d 2198223